| 000 | 01219nam a2200313Ia 4500 | ||
|---|---|---|---|
| 001 | ebr10663039 | ||
| 003 | CaPaEBR | ||
| 006 | m u | ||
| 007 | cr cn||||||||| | ||
| 008 | 000823s2009 nyu sb 001 0 eng d | ||
| 020 | _z9781607418535 | ||
| 020 | _z9781612098128 | ||
| 040 |
_aCaPaEBR _cCaPaEBR |
||
| 035 | _a(OCoLC)847655470 | ||
| 050 | 1 | 4 |
_aBF76.5 _bA3860 2009eb |
| 082 | 0 | 4 |
_a150 _223 |
| 245 | 0 | 0 |
_aAdvances in psychology research _h[electronic resource] . _nVolume 60 / _cAlexandra M. Columbus. |
| 260 |
_aHuntington, NY : _bNova Science Publishers, _cc2009. |
||
| 300 | _axii, 203 p. | ||
| 490 | 0 |
_aAdvances in psychology research ; _v60 |
|
| 504 | _aIncludes bibliographical references and index. | ||
| 533 |
_aElectronic reproduction. _bPalo Alto, Calif. : _cebrary, _d2013. _nAvailable via World Wide Web. _nAccess may be limited to ebrary affiliated libraries. |
||
| 650 | 0 |
_aPsychology _xResearch _xMethodology. |
|
| 650 | 0 |
_aPsychology _xResearch. |
|
| 655 | 7 |
_aElectronic books. _2local |
|
| 700 | 1 | _aColumbus, Alexandra M. | |
| 710 | 2 | _aebrary, Inc. | |
| 856 | 4 | 0 |
_uhttp://site.ebrary.com/lib/rucke/Doc?id=10663039 _zAn electronic book accessible through the World Wide Web; click to view |
| 999 |
_c68961 _d68961 |
||